00700pam a2200241 a 450000100060000000300080000600500170001400800410003102000150007203500190008704000230010604100080012908200230013710000270016024500810018725000120026826000520028030000260033250000220035850400300038065000210041065000270043150006BD-RjUL20211209075437.0160823s1981 cau b 001 0 eng  a0875894941 a(BD-RjUL)50126 aDLCcDLCdDLCbeng aeng00a374219bCHC 1974 1 aCharters, Alexander N.10aComparing adult education worldwide /cAlexander N. Charters and associates. a1st ed. aSan Francisco :bJossey-Bass Publishers,c1981. axxi, 272 p. ;c24 cm. aIncludes indexes. aBibliography: p. 245-257. 0aAdult education. 0aComparative education.